Villes des pays des Balkans par population - Statistiques

Statistiques générales
  • Ce quiz a été pris 46 fois
  • Le résultat moyen est 21 sur 60
Statistiques - réponses
Pays Population Ville % Correct
Albanie 389 323 Tirana
93%
Grèce 643 449 Athènes
88%
Bulgarie 1 205 548 Sofia
88%
Bosnie-Herzégovine 348 363 Sarajevo
85%
Roumanie 1 716 961 Bucarest
83%
Turquie (partie européenne) 15 244 936 Istanbul
83%
Kosovo 143 469 Pristina
83%
Croatie 663 592 Zagreb
83%
Serbie 1 197 714 Belgrade
80%
Macédoine du Nord 422 540 Skopje
78%
Slovénie 290 903 Ljubljana
75%
149 830 Split
75%
319 044 Thessalonique
75%
Monténégro 173 024 Podgorica
68%
286 598 Cluj-Napoca
53%
101 728 Durrës
50%
67 309 Zadar
48%
135 059 Banja Luka
45%
60 195 Mostar
45%
260 438 Novi Sad
45%
178 976 Niš
43%
329 489 Plovdiv
43%
318 737 Varna
43%
179 301 Héraklion
40%
263 688 Constanța
35%
97 522 Maribor
35%
107 964 Rijeka
35%
168 152 Le Pirée
30%
250 849 Timișoara
30%
15 868 Bar
25%
189 014 Bourgas
25%
76 850 Prizren
25%
20 168 Budva
23%
271 688 Iaşi
23%
73 535 Osijek
23%
66 320 Vlorë
20%
215 923 Patras
18%
63 176 Tetovo
18%
69 287 Bitola
15%
38 059 Celje
15%
146 315 Kragujevac
13%
88 752 Subotica
13%
74 457 Tuzla
13%
66 834 Elbasan
10%
26 410 Koper
10%
70 533 Zenica
10%
63 308 Prilep
8%
186 421 Tekirdağ
8%
258 924 Arnavutköy
5%
75 051 Koumanovo
5%
37 966 Kranj
5%
54 394 Nikšić
5%
121 249 Stara Zagora
5%
308 073 Çorlu
3%
41 809 Gjakovë
3%
53 279 Gnjilane
3%
191 903 Silivri
3%
48 472 Uroševac
3%
89 395 Kashar
0%
16 419 Pljevlja
0%
Aucun quiz correspondant
Distribution des résultats
% des personnes avec chaque résultat
Percentile par nombre de réponses
Votre historique - résultats
Vous n’avez pas pris ce quiz